01433nam a2200361 a 4500001001000000003000900010005001700019007001000036008004000046020001500086040002200101092002300123100002100146245008700167250001300254260004100267300002500308440003700333500002100370504005000391600004700441650004100488651007000529942001200599945002800611952009200639952010400731952010400835956003900939956003900978956003901017999001501056000004538DO-SdBNP20180315111927.0000004538090723s2009 dr a 001 0 spa d a9993410403 aBPMETbspacBPMET a923.2bC343j, 20091 aCassá, Roberto10aJosé Núñez de Cáceres :bprecursor de la independencia /cRoberto Cassá. a3da. ed. aSanto Domingo :bAlfa y Omega,c2009 a49 p. :bil.c21 cm. 0aBiografías Dominicanas TOBOGAN aIncluye índice aIncluye referencias bibliográficas (p. 49-)14aNÚÑEZ DE CÁCERES, JOSÉ,d1772-1846 4aREPÚBLICA DOMINICANAxBIOGRAFÍAS 4aREPÚBLICA DOMINICANAxHISTORIAyOCUPACIÓN HAITIANA, 1922-1844 2ddccBK aInventariado, 2018 / BT 00102ddc4070aBPMETbBPMETd2015-02-16l0pBPMSU15041315r2015-02-16w2015-02-16yBK 00102ddc40708DOMaBPMETbBPMETd2015-02-16l0pBPMET15041316r2015-02-16tej. 2w2015-02-16yBK 00102ddc40708DOMaBPMETbBPMETd2015-02-16l0pBPMET15041317r2015-02-16tej. 3w2015-02-16yBK aAVARGASb10c20090723lBND01h1455 aNMORDANb10c20090724lBND01h1003 aARIVERAb10c20100709lBND01h1338 c7408d7408